| 000 | 01162nam a2200265 a 4500 | ||
|---|---|---|---|
| 001 | 000007032 | ||
| 005 | 20260219105723.0 | ||
| 008 | 090904s1975 dr a 000 0 spa d | ||
| 040 |
_aDO-SdBNP _bspa _cBNPHU |
||
| 082 |
_a378.107 _bM516d |
||
| 100 | 1 |
_a Mejía-Ricart G., Tirso, _d1936-2021 _q(Mejía-Ricart Guzmán) _91569 |
|
| 245 | 1 | 0 |
_aDiez ensayos sobre reforma y planeamiento universitarios / _cTirso Mejía Ricart ; prólogo Andrés Ma. Aybar Nicolás. |
| 260 |
_aSanto Domingo : _bUASD, _c1975. |
||
| 300 |
_a2 v. : _bil. ; _c21 cm. |
||
| 490 | 1 |
_aPublicaciones de la Universidad Autónoma de Santo Domingo _v192 |
|
| 490 | 1 |
_aHistoria y sociedad _v22 |
|
| 590 | _aInventariado, 2018/MFF | ||
| 650 | 4 |
_aReforma universitaria _zRepública Dominicana _919536 |
|
| 650 | 0 |
_aPlanificación educativa _917484 |
|
| 650 | 0 |
_aEducación superior _zRepública Dominicana _9730 |
|
| 700 | 1 |
_aAybar Nicolás, Andrés María, _epról. _919537 |
|
| 710 | 1 |
_aUniversidad Autónoma de Santo Domingo _972951 |
|
| 830 | 0 |
_aPublicaciones de la Universidad Autónoma de Santo Domingo ; _v192 _pHistoria y sociedad ; _n22 _919538 |
|
| 910 | _aValidado. Control de calidad MMOLINA | ||
| 999 |
_c6816 _d6816 |
||